[Event "13. Sparkassen Open 2014 - Gruppe A"]
[Site "Forchheim"]
[Date "2014.10.04"]
[Round "3.7"]
[White "Bachstein, Dustin"]
[Black "Reis, Gerhard"]
[Result "1/2-1/2"]
[WhiteElo "2083"]
[BlackElo "2203"]
[PlyCount "220"]
[EventDate "2014.??.??"]

1. d4 Nf6 2. c4 g6 3. f3 Bg7 4. e4 d6 5. Nc3 O-O 6. Nge2 b6 7. Be3 c5 8. Qd2
Nc6 9. d5 Ne5 10. b3 e6 11. dxe6 Bxe6 12. Bg5 h6 13. Bxh6 Nxe4 14. Nxe4 Qh4+
15. N2g3 Bxh6 16. Qf2 Rfe8 17. Be2 Rad8 18. O-O f5 19. Nxf5 Qxf2+ 20. Kxf2 Bxf5
21. Nf6+ Kf7 22. Nxe8 Rxe8 23. Rad1 Nc6 24. g4 Be3+ 25. Kg2 Bf4 26. gxf5 Rxe2+
27. Rf2 Rxf2+ 28. Kxf2 Bxh2 29. Rh1 Be5 30. fxg6+ Kxg6 31. Ke3 Nb4 32. Rg1+ Kf5
33. Rg8 Bf4+ 34. Kf2 Nxa2 35. Rf8+ Kg5 36. Rg8+ Kh5 37. Rh8+ Kg6 38. Rg8+ Kf7
39. Ra8 a5 40. Ra6 Nc1 41. Rxb6 Bd2 42. Rxd6 Nxb3 43. Ke2 Bb4 44. Ra6 Nd2 45.
Kd3 Nxf3 46. Ke4 Nd2+ 47. Kd5 Nb3 48. Ke5 Nc1 49. Kf5 Nd3 50. Ra7+ Kf8 51. Kf6
Bc3+ 52. Ke6 Nb2 53. Kd5 Bb4 54. Rxa5 Bxa5 55. Kxc5 Ke7 56. Kb5 Bc7 57. Kc6 Kd8
58. Kd5 Kd7 59. Ke4 Kc6 60. c5 Bd8 61. Ke5 Nd3+ 62. Ke4 Nb4 63. Kd4 Bf6+ 64.
Ke4 Bc3 65. Ke3 Kxc5 66. Ke4 Kd6 67. Kf4 Kd5 68. Ke3 Ke5 69. Kf3 Bd4 70. Kg3
Ke4 71. Kg2 Nc6 72. Kg3 Ne5 73. Kg2 Be3 74. Kg3 Bf4+ 75. Kf2 Nf7 76. Kg2 Ng5
77. Kf2 Be5 78. Kg2 Ke3 79. Kf1 Bg3 80. Kg2 Bh4 81. Kf1 Kf3 82. Kg1 Bg3 83. Kh1
Ne4 84. Kg1 Nf2 85. Kf1 Bh2 86. Ke1 Bf4 87. Kf1 Nh3 88. Ke1 Be3 89. Kd1 Nf2+
90. Kc2 Ne4 91. Kd3 Nd6 92. Kc3 Ke4 93. Kc2 Nb5 94. Kd1 Nd4 95. Ke1 Ne6 96. Ke2
Nf4+ 97. Ke1 Kf3 98. Kf1 Bc5 99. Ke1 Ke3 100. Kf1 Kf3 101. Ke1 Ne2 102. Kf1
Ng3+ 103. Ke1 Ke3 104. Kd1 Kd3 105. Ke1 Kc3 106. Kd1 Bf2 107. Kc1 Nf5 108. Kd1
Nd4 109. Kc1 Kd3 110. Kd1 Ne2 1/2-1/2

[Event "13. Sparkassen Open 2014 - Gruppe A"]
[Site "Forchheim"]
[Date "2014.10.04"]
[Round "3.8"]
[White "Arnold, Max"]
[Black "Braun, Michael"]
[Result "0-1"]
[WhiteElo "2150"]
[BlackElo "1970"]
[PlyCount "114"]
[EventDate "2014.??.??"]

1. d4 Nf6 2. Nf3 e6 3. Bg5 b6 4. e4 h6 5. Bxf6 Qxf6 6. Nc3 Bb7 7. Qd2 Bb4 8.
Bd3 Nc6 9. e5 Qe7 10. a3 Bxc3 11. Qxc3 O-O-O 12. O-O-O f5 13. Rhe1 Qf7 14. h4
Ne7 15. Qd2 Qg6 16. Rg1 Kb8 17. Be2 Rhf8 18. Ne1 d6 19. h5 Qf7 20. Nd3 Nc6 21.
Qf4 dxe5 22. Nxe5 Nxe5 23. Qxe5 Qf6 24. Qf4 Qg5 25. g3 Rf7 26. Qe3 Qxe3+ 27.
fxe3 Rdd7 28. Rdf1 Kc8 29. g4 Be4 30. g5 hxg5 31. Rxg5 c6 32. Bc4 Rde7 33. Rf4
b5 34. Bd3 Bxd3 35. cxd3 Kd7 36. Kd2 Kd6 37. Rg6 a5 38. Rh4 Rf8 39. Ke2 Rh8 40.
Kf3 Rf7 41. Kf4 Rh6 42. Kg5 Rh8 43. Rf4 Ke7 44. Rf2 Rb8 45. Rc2 Kd6 46. Rc5 a4
47. Re5 Re8 48. Kf4 Ree7 49. Kf3 Rf6 50. Kf4 Rxg6 51. hxg6 Re8 52. e4 fxe4 53.
dxe4 Rh8 54. Kg3 Rh1 55. Rg5 Rg1+ 56. Kf4 Rxg5 57. Kxg5 e5 0-1

[Event "13. Sparkassen Open 2014 - Gruppe A"]
[Site "Forchheim"]
[Date "2014.10.04"]
[Round "3.9"]
[White "Steinhart, Christoph"]
[Black "Fries, Frederik"]
[Result "1/2-1/2"]
[WhiteElo "2025"]
[BlackElo "2170"]
[PlyCount "89"]
[EventDate "2014.??.??"]

1. e4 c6 2. d4 d5 3. exd5 cxd5 4. c4 Nf6 5. Nc3 e6 6. Nf3 Be7 7. a3 O-O 8. cxd5
Nxd5 9. Bd3 Nf6 10. Bg5 Nc6 11. Bc2 b6 12. Qd3 g6 13. b4 Bb7 14. h4 Rc8 15. h5
Nxb4 16. axb4 Bxb4 17. Bd2 Bxc3 18. Bxc3 Be4 19. Qd2 Bxc2 20. Qxc2 Qc7 21. Ra3
b5 22. Qb2 b4 23. Bxb4 Qc1+ 24. Qxc1 Rxc1+ 25. Ke2 Rxh1 26. Bxf8 Kxf8 27. hxg6
hxg6 28. Rxa7 Ng4 29. Ne5 Nxe5 30. dxe5 Rb1 31. Ra4 Rb3 32. g4 g5 33. f4 Rb2+
34. Kf3 Rb3+ 35. Kf2 gxf4 36. Rxf4 Kg7 37. Ra4 Kg6 38. Rf4 Kg5 39. Re4 Kh4 40.
Kf1 Rb1+ 41. Kf2 Rb2+ 42. Kf3 Ra2 43. Ke3 Ra1 44. Kf2 Ra8 45. Kg2 1/2-1/2

[Event "13. Sparkassen Open 2014 - Gruppe A"]
[Site "Forchheim"]
[Date "2014.10.04"]
[Round "3.10"]
[White "Schwab, Matthias"]
[Black "Suess, Stefan"]
[Result "1-0"]
[WhiteElo "2082"]
[BlackElo "1966"]
[PlyCount "75"]
[EventDate "2014.??.??"]

1. d4 e6 2. c4 d5 3. Nc3 Nf6 4. cxd5 exd5 5. Bg5 Nbd7 6. e3 Be7 7. Nf3 h6 8.
Bf4 c6 9. Qc2 O-O 10. Bd3 Re8 11. O-O Nf8 12. a3 Bd6 13. Bxd6 Qxd6 14. b4 Ne6
15. Na4 b6 16. Rfc1 Bb7 17. Nc3 Rac8 18. a4 c5 19. Nb5 Qb8 20. dxc5 bxc5 21.
bxc5 Rxc5 22. Qb2 Bc6 23. Qa3 Rxc1+ 24. Rxc1 Ba8 25. Qc3 d4 26. Nbxd4 Ng5 27.
Nxg5 hxg5 28. Qc7 Qb2 29. Rb1 Qd2 30. Bc4 Bd5 31. Bxd5 Nxd5 32. Qd7 Nf6 33.
Qxa7 Ng4 34. Rf1 Rxe3 35. Qb8+ Kh7 36. Qb1+ Rd3 37. Nf3 Qe2 38. Ne1 1-0

[Event "13. Sparkassen Open 2014 - Gruppe A"]
[Site "Forchheim"]
[Date "2014.10.04"]
[Round "3.11"]
[White "Kolthoff, Siegmund"]
[Black "Walter, Thomas"]
[Result "0-1"]
[WhiteElo "2073"]
[BlackElo "2116"]
[PlyCount "86"]
[EventDate "2014.??.??"]

1. Nf3 d5 2. c4 c6 3. g3 Nf6 4. Bg2 Bf5 5. O-O e6 6. b3 Bd6 7. Bb2 Nbd7 8. d3
h6 9. Nbd2 Bh7 10. a3 a5 11. Qc2 O-O 12. cxd5 exd5 13. Nd4 Qb6 14. Bh3 Rfe8 15.
Rae1 Ne5 16. N2f3 Neg4 17. Nh4 Be5 18. Nhf3 Bc7 19. Rc1 Rad8 20. Qc3 h5 21.
Rfe1 Bd6 22. Ng5 Bg6 23. Bg2 h4 24. e3 hxg3 25. hxg3 Nh5 26. Nh3 Re7 27. Nf4
Nxf4 28. gxf4 f6 29. Bh3 Nh6 30. Kh1 c5 31. Ne6 Rde8 32. Nxc5 Bxc5 33. Qxc5
Qxb3 34. Qc3 Qb5 35. Rg1 Kh7 36. Ba1 Qxd3 37. Qxa5 Be4+ 38. Kh2 Qe2 39. Qe1 Qh5
40. Bd4 Bf3 41. Rg3 Nf5 42. Bc5 Nxg3 43. Bxe7 Bg4 0-1

[Event "13. Sparkassen Open 2014 - Gruppe A"]
[Site "Forchheim"]
[Date "2014.10.04"]
[Round "3.12"]
[White "Wichmann, Adrian"]
[Black "Imcke, Patrick"]
[Result "0-1"]
[WhiteElo "1881"]
[BlackElo "2048"]
[PlyCount "88"]
[EventDate "2014.??.??"]

1. e4 e6 2. d4 d5 3. Nc3 Nf6 4. e5 Nfd7 5. Nf3 c5 6. Be3 Nc6 7. Ne2 cxd4 8.
Bxd4 Qc7 9. Nc3 Ndxe5 10. Nxe5 Nxe5 11. Qe2 Nc6 12. O-O-O Nxd4 13. Rxd4 Be7 14.
h4 Bd7 15. g4 Bc6 16. Bg2 O-O-O 17. g5 Rd7 18. Re1 a6 19. Bh3 Kb8 20. Qf3 Bc5
21. Rd3 Ka8 22. Red1 Rhd8 23. Re1 d4 24. Ne4 Qa5 25. Qe2 Qxa2 26. Nxc5 Qa1+ 27.
Kd2 Qa5+ 28. Kc1 Qxc5 29. Qe5 Qb4 30. Rb3 Qa4 31. Qxg7 Bd5 32. Ra3 Qb4 33. Rd1
Be4 34. Bf1 Rc8 35. Bd3 Bxd3 36. Rdxd3 Qe1+ 37. Rd1 Qxf2 38. Qxh7 f5 39. Rc3
Rxh7 40. Rxc8+ Ka7 41. g6 Rg7 42. h5 Qh2 43. Rh8 Rxg6 44. b3 Rg7 0-1

[Event "13. Sparkassen Open 2014 - Gruppe A"]
[Site "Forchheim"]
[Date "2014.10.04"]
[Round "3.13"]
[White "Zhao, Kevin"]
[Black "Heidrich, Manfred"]
[Result "1/2-1/2"]
[WhiteElo "1907"]
[BlackElo "2340"]
[PlyCount "65"]
[EventDate "2014.??.??"]

1. e4 c6 2. d4 d5 3. Nd2 dxe4 4. Nxe4 Nf6 5. Nxf6+ gxf6 6. c3 Bf5 7. Nf3 e6 8.
Bf4 Nd7 9. Qb3 Qb6 10. Bc4 Qxb3 11. Bxb3 Rg8 12. Nh4 Bg6 13. O-O-O O-O-O 14.
Rde1 Be7 15. Bc4 Nb6 16. Nxg6 hxg6 17. Bb3 Nd5 18. Bg3 f5 19. Be5 Bg5+ 20. Kb1
f6 21. h4 Bd2 22. Rd1 fxe5 23. Rxd2 e4 24. Rhd1 g5 25. hxg5 Rxg5 26. g3 b5 27.
a4 a6 28. c4 bxc4 29. Bxc4 Kb7 30. Rc1 Rh5 31. Rdc2 Rd6 32. Bxd5 exd5 33. a5
1/2-1/2

[Event "13. Sparkassen Open 2014 - Gruppe A"]
[Site "Forchheim"]
[Date "2014.10.04"]
[Round "3.14"]
[White "Niedermeier, Thomas"]
[Black "Lenhardt, Manfred"]
[Result "1-0"]
[WhiteElo "2202"]
[BlackElo "2112"]
[PlyCount "37"]
[EventDate "2014.??.??"]

1. e4 g6 2. Nc3 Bg7 3. f4 a6 4. a4 d6 5. Bc4 e6 6. Nf3 Ne7 7. Bb3 Nd7 8. d3 b6
9. O-O Bb7 10. Qe1 Nc5 11. Ba2 Qd7 12. a5 d5 13. f5 dxe4 14. fxe6 Nxe6 15. Nxe4
O-O 16. Bh6 Nd4 17. Bxg7 Nxf3+ 18. Rxf3 Kxg7 19. Qc3+ 1-0

[Event "13. Sparkassen Open 2014 - Gruppe A"]
[Site "Forchheim"]
[Date "2014.10.04"]
[Round "3.15"]
[White "Miller, Eduard"]
[Black "Schulz, Lukas"]
[Result "1/2-1/2"]
[WhiteElo "2143"]
[BlackElo "2000"]
[PlyCount "55"]
[EventDate "2014.??.??"]

1. e4 d5 2. exd5 Nf6 3. Bb5+ Bd7 4. Be2 Nxd5 5. d4 Bf5 6. Nf3 e6 7. O-O Nc6 8.
a3 Be7 9. c4 Nb6 10. Nc3 Bf6 11. Be3 O-O 12. h3 h6 13. b4 a6 14. Ra2 Qe7 15.
Rd2 Rfd8 16. Qb3 Rd7 17. Rfd1 Rad8 18. Bf1 g5 19. g4 Bg6 20. Bg2 Qf8 21. Ne5
Nxe5 22. dxe5 Rxd2 23. Rxd2 Rxd2 24. Bxd2 Bxe5 25. c5 Qd8 26. Be1 Nd5 27. Nxd5
exd5 28. Qxd5 1/2-1/2

5 1/2-1/2

[Event "13. Sparkassen Open 2014 - Gruppe A"]
[Site "Forchheim"]
[Date "2014.10.04"]
[Round "3.16"]
[White "Tassell, Pierre"]
[Black "Seidens, Udo"]
[Result "1/2-1/2"]
[WhiteElo "2041"]
[BlackElo "2232"]
[PlyCount "120"]
[EventDate "2014.??.??"]

1. d4 Nf6 2. c4 e6 3. Nc3 Bb4 4. e3 d5 5. Nf3 O-O 6. Bd3 dxc4 7. Bxc4 c5 8. O-O
Nc6 9. a3 Bxc3 10. bxc3 Qc7 11. Qe2 Na5 12. Ba2 Nd5 13. Bd2 c4 14. e4 Nf4 15.
Qe3 Nd3 16. Ne1 Nxe1 17. Rfxe1 Bd7 18. e5 Nb3 19. Bxb3 cxb3 20. Qg3 f5 21. exf6
Qxg3 22. hxg3 Rxf6 23. Rab1 Ba4 24. Re5 b6 25. Rb2 Rc8 26. f3 Kf7 27. Kf2 Rf5
28. Rxf5+ exf5 29. Ke1 Ke6 30. Kd1 Kd5 31. Be1 Kc4 32. Kd2 Rc6 33. Bf2 Rh6 34.
Rb1 Rh2 35. d5 Rxg2 36. Ke3 Kxd5 37. Rd1+ Kc6 38. Rd2 Kb7 39. c4 a5 40. Kd4 Bc6
41. f4 Be4 42. Kc3 Bc2 43. a4 h6 44. Be1 Rxd2 45. Bxd2 Kc6 46. Bc1 Bd1 47. Bb2
g5 48. fxg5 hxg5 49. Bc1 g4 50. Be3 b2 51. Kxb2 Bxa4 52. Kc3 Bd1 53. Bd4 f4 54.
gxf4 g3 55. f5 Bh5 56. f6 g2 57. Bg1 Bf7 58. Bd4 b5 59. cxb5+ Kxb5 60. Bg1 Kc6
1/2-1/2

[Event "13. Sparkassen Open 2014 - Gruppe A"]
[Site "Forchheim"]
[Date "2014.10.04"]
[Round "3.17"]
[White "Liepold, Stefan"]
[Black "Poelsterl, Hans"]
[Result "1-0"]
[WhiteElo "2137"]
[BlackElo "1973"]
[PlyCount "111"]
[EventDate "2014.??.??"]

1. e4 c6 2. d4 d5 3. exd5 cxd5 4. c4 Nf6 5. Nc3 e6 6. Nf3 Nc6 7. c5 Be7 8. Bb5
O-O 9. O-O Bd7 10. Re1 Re8 11. Rb1 b6 12. Bxc6 Bxc6 13. Ne5 Rc8 14. b4 bxc5 15.
bxc5 Ne4 16. Qf3 Bf6 17. Nxc6 Rxc6 18. Nxe4 dxe4 19. Qxe4 Ra6 20. Be3 Rxa2 21.
Rec1 Qc8 22. c6 Ra6 23. c7 Rb6 24. Rxb6 axb6 25. Qc6 Rf8 26. Qxb6 h6 27. Qc6
Kh7 28. Rb1 Qa8 29. Qxa8 Rxa8 30. Kf1 Rc8 31. Bf4 Bd8 32. cxd8=Q Rxd8 33. Be3
Rd7 34. Ke2 g5 35. Rb5 Kg6 36. Kd3 Rd6 37. Bd2 Ra6 38. Ba5 Rc6 39. Bc3 Ra6 40.
Ra5 Rb6 41. Kc4 Rb1 42. Ra1 Rb7 43. Bb4 Rc7+ 44. Bc5 Rb7 45. Ra6 Kf5 46. Ra7
Rxa7 47. Bxa7 g4 48. Kd3 h5 49. Ke3 f6 50. Bb8 Kg5 51. Bd6 Kf5 52. g3 Kg5 53.
Ke4 h4 54. Bf4+ Kh5 55. d5 hxg3 56. hxg3 1-0

[Event "13. Sparkassen Open 2014 - Gruppe A"]
[Site "Forchheim"]
[Date "2014.10.04"]
[Round "3.18"]
[White "Fieberg, Samuel"]
[Black "Vennemann, Juergen"]
[Result "1-0"]
[WhiteElo "2020"]
[BlackElo "1937"]
[PlyCount "53"]
[EventDate "2014.??.??"]

1. e4 c6 2. d4 d5 3. e5 Bf5 4. Nf3 e6 5. Be2 c5 6. Be3 Nc6 7. dxc5 Qc7 8. O-O
Nge7 9. Nd4 Nxd4 10. Bxd4 Nc6 11. Bb5 Be7 12. c3 O-O 13. Re1 Be4 14. Bxc6 Qxc6
15. b4 b6 16. cxb6 axb6 17. Nd2 Bg6 18. a4 Rfc8 19. Qb3 f6 20. b5 Qc7 21. exf6
Bxf6 22. Rxe6 Bxd4 23. cxd4 Bf7 24. Rc6 Qf4 25. Nf3 Rxc6 26. bxc6 Qc7 27. Ne5
1-0

[Event "13. Sparkassen Open 2014 - Gruppe A"]
[Site "Forchheim"]
[Date "2014.10.04"]
[Round "3.19"]
[White "Muth, Matthias P"]
[Black "Eber, Fabian"]
[Result "0-1"]
[WhiteElo "2040"]
[BlackElo "2003"]
[PlyCount "114"]
[EventDate "2014.??.??"]

1. d4 d5 2. c4 c6 3. Nf3 Nf6 4. e3 Bf5 5. Qb3 Qb6 6. Qxb6 axb6 7. Nc3 e6 8. Bd2
Nbd7 9. Nh4 Bc2 10. Rc1 Bg6 11. Nxg6 hxg6 12. cxd5 exd5 13. Bd3 b5 14. Bb1 Bd6
15. f4 b4 16. Ne2 Ne4 17. Bxe4 dxe4 18. Ra1 f5 19. O-O Nf6 20. h3 Kd7 21. Rfc1
Ra6 22. b3 Rha8 23. Rc2 Nd5 24. g4 Ra3 25. Nc1 Rh8 26. Kg2 fxg4 27. hxg4 g5 28.
Ne2 gxf4 29. Nxf4 Bxf4 30. exf4 Rha8 31. Rb2 e3 32. Be1 Nxf4+ 33. Kf3 Nd5 34.
Ke2 Re8 35. Kd3 b5 36. Rh2 Rea8 37. Rh7 Rxb3+ 38. Kc2 Rba3 39. Rxg7+ Ke6 40.
Rg6+ Kf7 41. Rxc6 b3+ 42. Kb2 Rxa2+ 43. Rxa2 bxa2 44. Rc1 Nf4 45. Ka1 Nd3 46.
Rc7+ Kg6 47. Bh4 b4 48. Rc6+ Kf7 49. Rf6+ Kg7 50. Rb6 e2 51. d5 e1=Q+ 52. Bxe1
Nxe1 53. Rb7+ Kg6 54. Rb6+ Kg5 55. Rc6 b3 56. Rc1 b2+ 57. Kxb2 Nd3+ 0-1

[Event "13. Sparkassen Open 2014 - Gruppe A"]
[Site "Forchheim"]
[Date "2014.10.04"]
[Round "3.20"]
[White "Pichl, Michael"]
[Black "Guennigmann, Manuel"]
[Result "0-1"]
[WhiteElo "2037"]
[BlackElo "2177"]
[PlyCount "138"]
[EventDate "2014.??.??"]

1. g3 e5 2. Bg2 Nc6 3. c4 g6 4. Nc3 Bg7 5. Nf3 d6 6. d3 f5 7. O-O Nf6 8. Rb1
Be6 9. b4 Qd7 10. b5 Nd8 11. c5 h6 12. cxd6 cxd6 13. d4 e4 14. d5 Bf7 15. Ne1
O-O 16. Bb2 g5 17. Qd2 Bg6 18. Nc2 Ng4 19. Ba1 Rc8 20. f4 Qc7 21. Rb3 gxf4 22.
gxf4 b6 23. e3 Nb7 24. h3 Nf6 25. Nd4 Nc5 26. Ra3 Qf7 27. Nc6 Rc7 28. Kh2 Kh7
29. Rg1 Rg8 30. Bf1 Bh5 31. Bc4 Bf3 32. Ne2 Nh5 33. Bxg7 Rxg7 34. Ng3 Nxg3 35.
Rxg3 Rxg3 36. Kxg3 Qg6+ 37. Kf2 Qg2+ 38. Ke1 Qg1+ 39. Bf1 Nd3+ 40. Rxd3 exd3
41. Qxd3 Qg3+ 42. Kd2 Qf2+ 43. Be2 Qxe2+ 44. Qxe2 Bxe2 45. Kxe2 Kg6 46. Kf3 Kf6
47. a4 Rc8 48. Ke2 Ra8 49. Kd3 a5 50. Nd4 Rg8 51. Nb3 Rg1 52. Nd2 Ra1 53. Nc4
Rxa4 54. Nxd6 Rb4 55. Kc3 h5 56. h4 Rb1 57. Kc2 Rh1 58. Nc4 Ke7 59. Nxb6 Kd6
60. Nc4+ Kxd5 61. Nxa5 Kc5 62. Nb3+ Kxb5 63. Nd4+ Kc4 64. Nxf5 Rh2+ 65. Kd1 Kd3
66. Ke1 Ke4 67. Ng3+ Kf3 68. Nxh5 Kxe3 69. Ng3 Kxf4 0-1

[Event "13. Sparkassen Open 2014 - Gruppe A"]
[Site "Forchheim"]
[Date "2014.10.04"]
[Round "3.21"]
[White "Stillger, Bernhard"]
[Black "Kammer, Christoph"]
[Result "0-1"]
[WhiteElo "2293"]
[BlackElo "2017"]
[PlyCount "83"]
[EventDate "2014.??.??"]

1. Nf3 f5 2. g3 Nf6 3. Bg2 d6 4. d4 e6 5. O-O Be7 6. Nbd2 Nc6 7. c3 O-O 8. Qc2
e5 9. e4 Nxe4 10. Nxe4 fxe4 11. Qxe4 d5 12. Qc2 e4 13. Ne5 Nxe5 14. dxe5 c6 15.
c4 Qb6 16. cxd5 cxd5 17. Be3 Qb5 18. Qb3 Qxb3 19. axb3 a6 20. Rfc1 Bd8 21. b4
Re8 22. Bd4 Bd7 23. f4 Be7 24. Bc5 Rac8 25. Kf2 Bxc5+ 26. bxc5 g5 27. Ke3 Kg7
28. b4 Kg6 29. Rf1 gxf4+ 30. gxf4 Rg8 31. Kd4 Kf7 32. Rf2 Bf5 33. Ra3 Ke6 34.
Bf1 Rg1 35. Rg3 Rxg3 36. hxg3 Rg8 37. Rh2 Rxg3 38. Rh6+ Bg6 39. Bh3+ Ke7 40.
Kxd5 Bf7+ 41. e6 Rxh3 42. Rxh3 0-1

[Event "13. Sparkassen Open 2014 - Gruppe A"]
[Site "Forchheim"]
[Date "2014.10.04"]
[Round "3.22"]
[White "Auburger, Philipp"]
[Black "Huber, Edwin"]
[Result "0-1"]
[WhiteElo "1972"]
[BlackElo "2148"]
[PlyCount "62"]
[EventDate "2014.??.??"]

1. e4 c5 2. c3 d5 3. exd5 Qxd5 4. d4 Nc6 5. Nf3 e5 6. Nxe5 Nxe5 7. dxe5 Qxe5+
8. Be3 Bd7 9. Nd2 O-O-O 10. Be2 Nf6 11. Qb3 Bc6 12. O-O-O Nd5 13. Nc4 Qc7 14.
Bg4+ Kb8 15. Rhe1 Be7 16. g3 Ka8 17. Qa3 b5 18. Bxc5 Bxc5 19. Qxc5 bxc4 20. Bf3
Bb7 21. Rxd5 Qxc5 22. Rxc5 Bxf3 23. Re7 Rhe8 24. Rxe8 Rxe8 25. Rxc4 Re2 26. Rc7
Bd5 27. a4 Rxf2 28. a5 Kb8 29. Re7 Bb3 30. a6 Bc4 31. Rb7+ Ka8 0-1

[Event "13. Sparkassen Open 2014 - Gruppe A"]
[Site "Forchheim"]
[Date "2014.10.04"]
[Round "3.23"]
[White "Heimrath, Reiner"]
[Black "Kroneder, Christian"]
[Result "1-0"]
[WhiteElo "2192"]
[BlackElo "2048"]
[PlyCount "47"]
[EventDate "2014.??.??"]

1. e4 c5 2. Nc3 Nc6 3. d3 g6 4. Be3 d6 5. d4 cxd4 6. Bxd4 Nxd4 7. Qxd4 Nf6 8.
e5 dxe5 9. Bb5+ Bd7 10. Qxe5 a6 11. Bxd7+ Qxd7 12. Rd1 Qf5 13. Qc7 Bg7 14. Nge2
Ng4 15. O-O Be5 16. Qxb7 Bxh2+ 17. Kh1 O-O 18. Qf3 Qg5 19. g3 f5 20. Kg2 e5 21.
Rd7 Qh5 22. Nd5 Bg1 23. Rxg1 e4 24. Ne7+ 1-0

[Event "13. Sparkassen Open 2014 - Gruppe A"]
[Site "Forchheim"]
[Date "2014.10.04"]
[Round "3.24"]
[White "Fischer-Brandies, Alexander"]
[Black "Wagner, Florian"]
[Result "0-1"]
[WhiteElo "1931"]
[BlackElo "2215"]
[PlyCount "91"]
[EventDate "2014.??.??"]

1. d4 g6 2. Nf3 Bg7 3. Bf4 d6 4. e3 Nf6 5. Be2 O-O 6. h3 b6 7. O-O Bb7 8. Nbd2
Nbd7 9. c3 c5 10. a4 a6 11. Qc2 Qc7 12. Bg3 Rfb8 13. Rac1 b5 14. axb5 axb5 15.
e4 Qc6 16. dxc5 Qxc5 17. Nd4 b4 18. N4b3 Qb6 19. c4 Rc8 20. Bf4 Bc6 21. Be3 Qb7
22. f3 e5 23. Ra1 Ba4 24. Qd3 Bf8 25. g4 Ne8 26. Bd1 Nb6 27. Qe2 Bxb3 28. Bxb3
Ng7 29. Rfc1 Ne6 30. Qh2 Nd7 31. Rxa8 Qxa8 32. Bc2 Qa2 33. b3 Qb2 34. Nf1 Nd4
35. Qf2 Nc5 36. Bxd4 Qxc1 37. Be3 Qb2 38. Bd1 Qxf2+ 39. Kxf2 Ra8 40. Bd2 Ra1
41. Ke2 Ra2 42. g5 Be7 43. h4 h6 44. Ne3 hxg5 45. Nd5 gxh4 46. f4 0-1

[Event "13. Sparkassen Open 2014 - Gruppe A"]
[Site "Forchheim"]
[Date "2014.10.04"]
[Round "3.25"]
[White "Reimann, Gunther"]
[Black "Berndt, Matthias"]
[Result "0-1"]
[WhiteElo "1981"]
[BlackElo "2148"]
[PlyCount "72"]
[EventDate "2014.??.??"]

1. e4 e6 2. d3 d5 3. Nd2 Nf6 4. Ngf3 dxe4 5. dxe4 Bc5 6. Bc4 Nc6 7. a3 a5 8.
O-O e5 9. h3 O-O 10. c3 Qe7 11. Qe2 Nh5 12. Nb3 Ng3 13. Qe1 Nxf1 14. Nxc5 Qxc5
15. Qxf1 h6 16. Nh4 Qd6 17. Nf5 Bxf5 18. exf5 e4 19. Qe2 Rfe8 20. Be3 Ne5 21.
Rd1 Qf6 22. Bd5 Qxf5 23. Bxb7 Rab8 24. Bd5 Nd3 25. Bxe4 Qxe4 26. Qxd3 Qxd3 27.
Rxd3 Rxb2 28. Rd5 Rb1+ 29. Kh2 Ra8 30. Rc5 Ra1 31. Rxc7 Rxa3 32. c4 a4 33. Rd7
Rc3 34. c5 a3 35. Rd1 a2 36. Bd4 Rd8 0-1

[Event "13. Sparkassen Open 2014 - Gruppe A"]
[Site "Forchheim"]
[Date "2014.10.04"]
[Round "3.26"]
[White "Fluechter, Gregor"]
[Black "Kirchhof, Arno"]
[Result "1/2-1/2"]
[WhiteElo "2155"]
[BlackElo "2053"]
[PlyCount "36"]
[EventDate "2014.??.??"]

1. e4 e6 2. d4 d5 3. exd5 exd5 4. Nf3 Nf6 5. Bd3 Be7 6. O-O O-O 7. h3 h6 8. Re1
Re8 9. c3 Nbd7 10. Bf4 Nf8 11. Bc2 Bd6 12. Bxd6 Rxe1+ 13. Qxe1 Qxd6 14. Nbd2
Bd7 15. Ne5 Re8 16. Qf1 Qb6 17. Rb1 Bb5 18. Bd3 Bxd3 1/2-1/2

[Event "13. Sparkassen Open 2014 - Gruppe A"]
[Site "Forchheim"]
[Date "2014.10.04"]
[Round "3.27"]
[White "Walter, Florian"]
[Black "Zeltner, Ottmar"]
[Result "1-0"]
[WhiteElo "2122"]
[BlackElo "2041"]
[PlyCount "68"]
[EventDate "2014.??.??"]

1. c4 e5 2. g3 Nf6 3. Bg2 Bc5 4. Nc3 O-O 5. Nf3 Nc6 6. O-O d6 7. d3 h6 8. a3 a6
9. b4 Ba7 10. Bb2 Ne7 11. Rc1 Nf5 12. Nd5 c6 13. Nxf6+ Qxf6 14. c5 Bb8 15. cxd6
Bxd6 16. e4 Ne7 17. Nd2 Qe6 18. Nc4 Rd8 19. f4 f6 20. Qh5 Bb8 21. fxe5 fxe5 22.
Bh3 Qxh3 23. Qf7+ Kh7 24. Qxe7 Rd7 25. Qe8 Rxd3 26. Bxe5 Bxe5 27. Qxe5 Be6 28.
a4 Rad8 29. Qf4 R8d4 30. Ne5 Rd2 31. Rf2 Rxf2 32. Qxf2 Rxe4 33. Nd3 Bd5 34. Qc2
Qf5 1-0

[Event "13. Sparkassen Open 2014 - Gruppe A"]
[Site "Forchheim"]
[Date "2014.10.04"]
[Round "3.28"]
[White "Etlender, Roman"]
[Black "Poghosyan, Tigran"]
[Result "1-0"]
[WhiteElo "2184"]
[BlackElo "1927"]
[PlyCount "45"]
[EventDate "2014.??.??"]

1. c4 Nf6 2. Nc3 d5 3. cxd5 Nxd5 4. e4 Nxc3 5. dxc3 Qxd1+ 6. Kxd1 e5 7. Be3 Be6
8. Nf3 f6 9. Nd2 Nd7 10. Kc2 a5 11. Bb5 Bd6 12. Rhd1 c6 13. Bc4 Ke7 14. Bxe6
Kxe6 15. Nc4 Bc7 16. a4 Rab8 17. b3 Ke7 18. f3 Ke6 19. Rd3 Ke7 20. Rad1 Rhd8
21. Bc1 Ke6 22. Ba3 Nf8 23. Rxd8 1-0

[Event "13. Sparkassen Open 2014 - Gruppe A"]
[Site "Forchheim"]
[Date "2014.10.04"]
[Round "3.29"]
[White "Schaefer, Sven"]
[Black "Meulner, Klaus"]
[Result "1/2-1/2"]
[WhiteElo "1966"]
[BlackElo "2114"]
[PlyCount "37"]
[EventDate "2014.??.??"]

1. e4 g6 2. d4 Bg7 3. Nc3 c5 4. Nf3 Qa5 5. Bd2 cxd4 6. Nb5 Qb6 7. a4 Nc6 8. a5
Qd8 9. Ra4 Nf6 10. Bd3 O-O 11. Nbxd4 d6 12. Nxc6 bxc6 13. O-O Nd7 14. b4 Qc7
15. c4 Rb8 16. Qc2 Rd8 17. Rb1 Bb7 18. Be3 Ba8 19. Ra3 1/2-1/2

[Event "13. Sparkassen Open 2014 - Gruppe A"]
[Site "Forchheim"]
[Date "2014.10.04"]
[Round "3.30"]
[White "Martin Fernandez, Rodrigo"]
[Black "Reuter, Roland"]
[Result "1-0"]
[WhiteElo "2159"]
[BlackElo "1998"]
[PlyCount "73"]
[EventDate "2014.??.??"]

1. c4 Nf6 2. Nc3 e6 3. g3 d5 4. Bg2 Be7 5. Nf3 O-O 6. d4 dxc4 7. Qa4 Bd7 8.
Qxc4 Bc6 9. O-O Nbd7 10. Qd3 Re8 11. Rd1 Nb6 12. e4 a5 13. Ne5 Bd7 14. Be3 Na4
15. Qc2 Nxc3 16. bxc3 Bb5 17. c4 Ba6 18. c5 c6 19. Rab1 Nd7 20. Nc4 h6 21. Bf4
Ra7 22. Nd6 Bxd6 23. Bxd6 Qc8 24. f4 Nf6 25. Bf3 Qd7 26. a4 Rd8 27. Re1 Raa8
28. Rb6 Qe8 29. Qc3 Nd7 30. Rb2 Rdc8 31. Reb1 Qd8 32. e5 Nf8 33. Be4 Nd7 34. f5
Qg5 35. Qf3 exf5 36. Bxf5 Rd8 37. h4 1-0

[Event "13. Sparkassen Open 2014 - Gruppe A"]
[Site "Forchheim"]
[Date "2014.10.04"]
[Round "3.31"]
[White "Monninger, Moritz"]
[Black "Gruettner, Ralf"]
[Result "1-0"]
[WhiteElo "2152"]
[BlackElo "2107"]
[PlyCount "58"]
[EventDate "2014.??.??"]

1. d4 c5 2. e4 cxd4 3. Nf3 d6 4. Qxd4 Nc6 5. Bb5 Bd7 6. Bxc6 bxc6 7. c4 Qc7 8.
Nc3 e5 9. Qd3 Nf6 10. O-O Be7 11. b3 O-O 12. Bb2 Rad8 13. c5 dxc5 14. Nd2 Be6
15. Qe2 Rd7 16. Na4 Rfd8 17. Nc4 Qb7 18. Bc3 Qa6 19. Nab2 Bxc4 20. Nxc4 Ne8 21.
Bxe5 Bf6 22. Bxf6 Nxf6 23. e5 Nd5 24. e6 Nf4 25. exf7+ Rxf7 26. Qe3 Qc8 27. Ne5
Re8 28. Qxc5 Qf5 29. Rae1 Rfe7 1-0

[Event "13. Sparkassen Open 2014 - Gruppe A"]
[Site "Forchheim"]
[Date "2014.10.04"]
[Round "3.32"]
[White "Willim, Michael"]
[Black "Birkenmaier, Rainer"]
[Result "1-0"]
[WhiteElo "2137"]
[BlackElo "2077"]
[PlyCount "61"]
[EventDate "2014.??.??"]

1. d4 d5 2. c4 e6 3. Nc3 Nf6 4. cxd5 exd5 5. Bg5 c6 6. Qc2 Be7 7. e3 O-O 8. Bd3
Nbd7 9. Nge2 Re8 10. O-O Nf8 11. f3 Nh5 12. Bxe7 Qxe7 13. e4 dxe4 14. fxe4 Bg4
15. Rf2 Qg5 16. Raf1 Re7 17. Bc4 Ne6 18. d5 Bxe2 19. Qxe2 Nef4 20. Qe3 b5 21.
Bb3 b4 22. Ne2 Nxe2+ 23. Qxe2 Nf6 24. d6 Re5 25. Qc4 Qe3 26. Qxf7+ Kh8 27. Kh1
Qg5 28. Qc7 h6 29. d7 Nxe4 30. Qc8+ Kh7 31. Bc2 1-0

[Event "13. Sparkassen Open 2014 - Gruppe A"]
[Site "Forchheim"]
[Date "2014.10.04"]
[Round "4.1"]
[White "Seyb, Alexander"]
[Black "Hilverda, Alexander"]
[Result "1/2-1/2"]
[WhiteElo "2374"]
[BlackElo "2296"]
[PlyCount "22"]
[EventDate "2014.??.??"]

1. e4 c5 2. Nf3 e6 3. d4 cxd4 4. Nxd4 Nc6 5. Nc3 Qc7 6. Be3 a6 7. Qd2 Nf6 8.
O-O-O Be7 9. f3 b5 10. Kb1 O-O 11. g4 Bb7 1/2-1/2